Desarrollo agrícola y crecimiento económico /

Bibliographic Details
Other Authors: Johnstone, Bruce F. 1910- (comp.), Southworth, Herman McDowell 1900- (comp.)
Format: Libro
Language:Spanish
Published: México, D. F Uteha 1970
Edition:1a. ed.
Subjects:

MARC

LEADER 00000cam a2200000 a 4500
001 010382
003 UAHC_CL
005 20170803120655.0
008 081209s1970 mx 000 spa
040 |a UAHC_CL  |c UAHC_CL  |d UAHC_CL 
082 0 4 |a 338.1  |b A278  |2 20 
245 1 0 |a Desarrollo agrícola y crecimiento económico /  |c comp. por Herman M. Southworth, Bruce F. Johnston ; trad. por José Meza Nieto. 
250 |a 1a. ed. 
260 |b Uteha  |a México, D. F  |c 1970 
300 |a 659 p.  |b il. , 1 mapa col. pleg 
500 |a Incluye índices. 
504 |a Incluye bibliografías. 
650 4 |a DESARROLLO ECONOMICO 
650 4 |a ECONOMIA AGRARIA 
653 |a LICENCIATURA EN GEOGRAFêA 
653 |a INGENIERIA COMERCIAL 
653 |a COMPLEMENTARIA 
700 1 |a Johnstone, Bruce F.  |d 1910-  |e comp. 
700 1 |a Southworth, Herman McDowell  |d 1900-  |e comp. 
900 |a 338.1 DES 
942 |c BK 
952 |0 0  |1 0  |4 0  |6 338_100000000000000_DES  |7 0  |8 General  |9 21428  |a BC  |b BC  |c General  |d 2017-08-03  |l 0  |o 338.1 DES  |p 1367437  |r 2026-01-13 00:00:00  |t 1  |w 2017-08-03  |y BK 
999 |c 10382  |d 10382